[Event "84th Annual Southwest Open"]
[Site "Irving"]
[Date "2018.09.01"]
[Round "3"]
[White "Xiong, Jeffery"]
[Black "Popilski, Gil"]
[Result "1-0"]
[WhiteElo "2650"]
[BlackElo "2491"]
[Annotator "TA"]
[PlyCount "97"]
[EventDate "2018.08.31"]
[EventType "swiss"]
[EventCountry "USA"]
[SourceTitle "playchess.com"]
[Source "ChessBase"]
[SourceQuality "1"]

{[%evp 17,97,41,39,50,44,51,73,74,102,109,102,112,111,52,61,64,58,52,80,73,183,158,166,167,179,160,168,172,181,188,214,195,203,190,274,81,100,75,81,67,72,77,127,129,129,135,115,93,97,88,167,162,254,260,273,194,201,193,198,202,203,185,280,275,265,265,385,387,366,358,337,230,420,421,376,409,373,356,352,344,337,334]} 1. d4 Nf6 2. Nf3 d6 3. g3 g6 4. Bg2 Bg7 5. O-O O-O 6. c4 c6 7. Nc3 Qa5 8. e4 Qh5 9. Re1 e5 {LiveBook: 6 Games. E62: King's Indian: Fianchetto: 6...c6 and Panno Variation (6...Nc6) without ...a6} 10. d5 Bg4 11. Qd3 Bh3 $146 {White is slightly better.} ({Predecessor:} 11... cxd5 12. cxd5 Na6 13. Qe3 Ne8 14. Nh4 Bd7 15. Bf3 Bg4 16. Bg2 Nb4 17. Qd2 {0-1 (59) Ivoskaite,D (2008)-Asauskas,H (2384) Birstonas 2002}) 12. Bg5 h6 {Hoping for ...Bxg2.} 13. Bxf6 Bxf6 14. dxc6 Nxc6 15. Nd5 ({White should try} 15. Qxd6 $16 Be7 16. Qd3) 15... Bd8 16. Bxh3 Qxh3 17. b4 {[%cal Bb2b4,Bb4b5][%mdl 32]} Bb6 18. Rac1 Kg7 (18... Qe6 $16) 19. Nxb6 $18 axb6 20. b5 $36 {[%mdl 2048] Black is under strong pressure.} (20. Qxd6 $6 Rfd8 $14) 20... Nd8 21. Qxd6 Qe6 22. Qxe5+ Qxe5 23. Nxe5 Rxa2 24. Rcd1 Ne6 25. Rd7 Ng5 (25... Nc5 $142) 26. Kg2 $2 ({Don't do} 26. Rxb7 $6 Nh3+ 27. Kg2 Nxf2 $16) (26. Kf1 $1 $18 {and the rest is easy.}) 26... Re8 $16 27. Rd5 Rc2 28. Re3 Re7 29. h4 Nh7 {[#] ...Nf6 would now be nice for Black.} 30. Nd7 $1 Rxc4 31. e5 ({But not} 31. Nxb6 Rcxe4 32. Rxe4 Rxe4 $14) 31... Nf8 32. Nxb6 Rc2 33. Rd6 Rc5 (33... Re6 $16) 34. Nd5 $18 Rd7 {[#]} (34... Re6 {keeps fighting.} 35. Rd8 h5) 35. Nf6 $1 {[%cal Rf6d7]} Re7 36. Rd5 Rxd5 37. Nxd5 {[%mdl 4096] Endgame KRN-KRN} Rd7 38. Nf6 Rd8 39. h5 g5 (39... Ne6 {was necessary.} 40. hxg6 Kxg6) 40. Ne4 Rd5 41. Nd6 Nd7 (41... Ne6 {might work better.} 42. b6 Nd8) 42. f4 gxf4 43. gxf4 Kf8 {Black hopes to continue with ...f6.} 44. Kf3 Nc5 $2 (44... f6 {was worth a try.} 45. Ke4 (45. Nxb7 fxe5 46. Rb3 exf4 $11) 45... Rd1 46. Nxb7 fxe5 47. fxe5 Ke7) 45. Ra3 f6 46. Ra8+ Ke7 47. Nf5+ Kd7 48. Nxh6 fxe5 49. Nf7 {Precision: White = 76%, Black = 48%.} 1-0

[Event "84th Annual Southwest Open"]
[Site "Irving"]
[Date "2018.09.01"]
[Round "3"]
[White "Baryshpolets, Andrey"]
[Black "Kumar, Nikhil"]
[Result "1/2-1/2"]
[WhiteElo "2609"]
[BlackElo "2268"]
[Annotator "TA"]
[PlyCount "104"]
[EventDate "2018.08.31"]
[EventType "swiss"]
[EventCountry "USA"]
[SourceTitle "playchess.com"]
[Source "ChessBase"]
[SourceQuality "1"]

{[%evp 24,104,21,14,30,22,29,0,12,0,53,34,112,116,114,109,123,124,128,87,116,55,50,34,34,34,34,38,33,33,33,33,35,35,36,27,50,43,38,29,64,62,77,20,22,20,20,12,12,12,12,12,12,12,12,12,12,4,11,11,12,11,15,0,8,0,0,0,0,0,0,0,0,0,0,0,0,0,0,0,0,0,2784]} 1. c4 {Marin,M} e6 2. Nc3 d5 3. d4 Nf6 4. cxd5 exd5 5. Bg5 Be7 6. e3 c6 7. Qc2 Nbd7 8. Bd3 h6 9. Bh4 Nh5 10. Bxe7 Qxe7 11. Nge2 Nb6 12. O-O {D36: Damengambit (Abtauschvariante)} O-O 13. Rab1 {[#] LiveBook: 8 Partien} Nf6 $146 ({Vorgänger:} 13... a5 14. Qb3 Qd8 15. Na4 Nxa4 16. Qxa4 Bg4 17. Nc3 Re8 18. Qc2 Qg5 19. Kh1 Nf6 {½-½ (27) Leko,P (2737)-Adams,M (2740) Dortmund 2013 CBM 156 [Marin,M]}) 14. b4 {Weiß hat minimalen Vorteil.} a6 15. Nc1 {[%cal Be2c1,Bc1b3,Bb3c5][%mdl 32]} Be6 16. Nb3 Rae8 (16... Nc4 $11) 17. a4 g6 ({Lieber} 17... Nc4 $14) 18. Nc5 $16 Bc8 19. b5 axb5 20. axb5 Nc4 21. Bxc4 dxc4 22. Qa2 (22. Rb2 $16) 22... Bf5 $1 $14 {[%cal Rf5b1]} 23. e4 Nxe4 24. N5xe4 Bxe4 25. Rbe1 f5 $1 26. bxc6 bxc6 27. Nxe4 fxe4 28. Qxc4+ Qe6 29. Qc3 Qd5 30. Rc1 Re6 31. Qe3 Rd8 32. Qxh6 Qxd4 33. h3 (33. Qh3 $16 Qe5 34. Rb1) 33... Qd2 $11 {Die Stellung ist ausgeglichen.} 34. Qh4 e3 35. fxe3 Qxe3+ 36. Kh1 Rd4 37. Qf2 Qxf2 38. Rxf2 {[%mdl 4096] Endspiel KTT-KTT} Kg7 39. Rfc2 Rdd6 40. Rc5 Kh6 41. Kh2 Rf6 42. R1c4 Rfe6 43. Kg3 Rd2 44. Rxc6 Ree2 45. Rh4+ Kg7 46. Rc7+ Kf6 47. Rc6+ (47. Ra4 {with more complications.} Rxg2+ 48. Kh4 Rd8 49. Ra6+ Ke5 50. Re7+) 47... Kg7 48. Rc7+ Kf6 49. Rf4+ Ke6 50. Kh4 {[#] Und weiter mit g4 wäre nett.} Rxg2 51. Rg4 Rxg4+ 52. hxg4 Ke5 $2 {[%mdl 40960] Precision: Weiß = 40%, Schwarz = 54%. . An unexpected result.} (52... Kf6 $11) 1/2-1/2

[Event "84th Annual Southwest Open"]
[Site "Irving"]
[Date "2018.09.01"]
[Round "3"]
[White "Sadorra, Julio Catalino"]
[Black "Stremavicius, Titas"]
[Result "1-0"]
[WhiteElo "2555"]
[BlackElo "2467"]
[Annotator "TA"]
[PlyCount "77"]
[EventDate "2018.08.31"]
[EventType "swiss"]
[EventCountry "USA"]
[SourceTitle "playchess.com"]
[Source "ChessBase"]
[SourceQuality "1"]

{[%evp 22,77,57,56,106,20,83,73,69,74,92,73,79,84,78,58,62,53,62,58,68,67,104,79,85,84,85,78,113,113,102,110,133,133,133,133,161,162,160,152,167,145,169,158,220,218,218,220,268,270,342,328,434,263,461,520,491,495]} 1. Nf3 {Metz Alekhine/Primel,D} d5 2. g3 Nf6 3. Bg2 e6 4. O-O c5 5. c4 dxc4 6. Na3 Nc6 7. Nxc4 Be7 8. b3 O-O 9. Bb2 Bd7 {A13: English Opening: 1...e6} 10. d4 cxd4 11. Nxd4 Rc8 12. Nb5 {LiveBook: 6 Games} Rb8 {[#]} (12... a6 13. Nbd6 Rc7 14. Rc1 Qb8 15. e4 b5 16. e5 Nd5 17. Bxd5 exd5 {1-0 (31) Wei,Y (2743)-Yu,Y (2751) Shenzhen 2017}) 13. Nbd6 (13. Rc1 $1 $16) 13... Ne8 $146 (13... b5 $11 {remains equal.}) ({Predecessor:} 13... b5 14. Ne5 Nxe5 15. Bxe5 Qb6 16. Ne4 Rbd8 17. Bd4 {1-0 (42) Aguettaz,M (2412)-Crut,A (2367) Metz 2013 EXT 2016 [Metz Alekhine/Primel,D]}) 14. Rc1 $16 b5 15. Nxe8 Bxe8 16. Ne5 Nxe5 17. Bxe5 {Threatens to win with Bc7.} Rc8 18. Qd4 Qxd4 19. Bxd4 Rd8 20. e3 a6 21. Rc7 $36 {[%mdl 2048] Black is under pressure.} Rd7 22. Rfc1 Bd6 23. Rc8 Ba3 24. R1c7 f6 25. Rxd7 Bxd7 26. Rc7 Bc8 {[#]} 27. Bh3 $1 {Rxc8! is the strong threat.} Kh8 28. Bc3 b4 29. Bd4 Rd8 30. Bb6 h6 31. Bf1 e5 32. Ra7 Rd1 (32... Re8 $16 {was worth a try.} 33. Bd3 (33. Bxa6 Bxa6 34. Rxa6 Rc8 $16) 33... Bg4 34. Rxa6 (34. Bxa6 Bf5 $16) 34... Bf3) 33. Ra8 $18 Rc1 {Threatening ...Kh7.} 34. Kg2 Kh7 35. Bd3+ ({Weaker is} 35. Bxa6 Bxa6 36. Rxa6 Rc6 $11) 35... g6 36. Ra7+ (36. Bxa6 Bxa6 37. Rxa6 Rc6 $16) 36... Kh8 37. Bc4 {aiming for Ra8.} Bf5 $2 (37... Be6 38. Bxe6 Rc6) 38. Bd8 {[%cal Rd8f6]} Be4+ 39. f3 {Precision: White = 61%, Black = 38%.} 1-0

[Event "84th Annual Southwest Open"]
[Site "Irving"]
[Date "2018.09.01"]
[Round "3"]
[White "Shtembuliak, Evgeny"]
[Black "Findlay, Ian T"]
[Result "1-0"]
[WhiteElo "2518"]
[BlackElo "2263"]
[Annotator "TA"]
[PlyCount "40"]
[EventDate "2018.08.31"]
[EventType "swiss"]
[EventCountry "USA"]
[SourceTitle "playchess.com"]
[Source "ChessBase"]
[SourceQuality "1"]

{[%evp 21,40,160,151,71,78,70,87,76,109,57,70,69,97,99,107,109,137,67,429,142,685]} 1. e4 c5 {[%cal Bc7c5,Bc5d4][%mdl 32]} 2. Nc3 Nc6 3. Bb5 Nd4 4. Bc4 g6 5. Nge2 Bg7 6. Nxd4 cxd4 7. Qf3 e6 8. Nb5 d6 9. Qa3 Ke7 {B23: Closed Sicilian: Lines without g3} 10. c3 dxc3 11. dxc3 a6 {[#] LiveBook: 10 Games} 12. Bd3 (12. Bb3 $142 $1) (12. Nd4 e5 13. Nc2 Be6 14. Qb3 Qc7 15. Bd5 Bxd5 16. Qxd5 Qc6 17. Qd3 h6 18. Nb4 Qe8 19. Nd5+ {1-0 (19) Hou,Y (2673)-Cramling,P (2518) Beijing 2014}) 12... Rb8 $16 13. Nd4 e5 14. Nc2 Be6 15. O-O (15. f4 $16) 15... Nf6 $14 16. Kh1 $146 ({Predecessor:} 16. h3 Re8 17. f4 exf4 18. Bxf4 {1-0 (34) Zhurov,S (2297)-Chekletsov,I (2350) Pardubice 2017}) 16... h6 17. f4 exf4 18. Bxf4 {Strongly threatening e5.} Ng4 19. Ne3 (19. Nd4 $16 Be5 20. Be2 Bxf4 21. Bxg4 (21. Rxf4 Ne5 $16)) 19... Nf6 $2 {[%mdl 8192] [#]} (19... Nxe3 $1 $14 20. Bxe3 Kf8) 20. Bc2 $2 (20. Rae1 $18 {is more deadly.}) 20... Ng4 $2 {[%mdl 8192] Precision: White = 23%, Black = 36%.} (20... Nh5 $16) 1-0

[Event "84th Annual Southwest Open"]
[Site "Irving"]
[Date "2018.09.01"]
[Round "3"]
[White "Berczes, David"]
[Black "Arribas Lopez, Angel"]
[Result "1/2-1/2"]
[WhiteElo "2501"]
[BlackElo "2460"]
[Annotator "TA"]
[PlyCount "41"]
[EventDate "2018.08.31"]
[EventType "swiss"]
[EventCountry "USA"]
[SourceTitle "playchess.com"]
[Source "ChessBase"]
[SourceQuality "1"]

{[%evp 24,41,29,25,23,9,16,0,0,0,0,0,0,0,0,0,0,0,0,0]} 1. d4 Nf6 2. c4 e6 3. Nc3 Bb4 4. Qc2 O-O 5. a3 Bxc3+ 6. Qxc3 d5 7. Nf3 dxc4 8. Qxc4 b6 9. Bg5 {E36: Nimzoindisch (4.Dc2)} Ba6 10. Qa4 c5 (10... Qd7 11. Qc2 c5 12. Bxf6 gxf6 13. Rd1 Qe7 14. g3 Bb7 15. Bg2 Rd8 16. O-O Nd7 {½-½ (30) Mamedyarov,S (2808)-Caruana,F (2816) Paris 2018}) 11. dxc5 bxc5 12. Rd1 Qb6 13. Bxf6 {LiveBook: 57 Partien} gxf6 14. Rd2 Nc6 {Die Stellung ist ausgeglichen.} 15. Qg4+ Kh8 {Droht ...Tfd8 und aus.} 16. Qh4 Kg7 $1 {Weiss muss nun ...Tfd8 beachten.} 17. Qg4+ Kh8 {Und weiter mit ...Tfd8 wäre nett.} 18. Qh4 Kg7 $1 {...Tfd8 ist eine echte Drohung.} 19. Qg3+ Kh8 {[#]} 20. Qh4 $146 Kg7 $1 {Droht stark ...Tfd8.} 21. Qg3+ 1/2-1/2

[Event "84th Annual Southwest Open"]
[Site "Irving"]
[Date "2018.09.01"]
[Round "3"]
[White "Raznikov, Danny"]
[Black "Li, Ben"]
[Result "1/2-1/2"]
[WhiteElo "2498"]
[BlackElo "2324"]
[Annotator "TA"]
[PlyCount "66"]
[EventDate "2018.08.31"]
[EventType "swiss"]
[EventCountry "USA"]
[SourceTitle "playchess.com"]
[Source "ChessBase"]
[SourceQuality "1"]

{[%evp 25,66,32,46,40,35,14,13,13,61,57,51,15,37,20,20,20,20,20,20,20,21,0,0,0,0,0,11,10,7,0,0,0,0,-2,0,0,0,0,0,0,0,0,0]} 1. d4 d5 2. c4 e6 3. Nf3 Nf6 4. g3 dxc4 5. Bg2 Bd7 6. Ne5 Bc6 7. Nxc6 Nxc6 8. O-O Qd7 9. e3 Rb8 10. Qe2 b5 {E04: Open Catalan: 5 Nf3} 11. b3 cxb3 12. axb3 Rb6 13. Bb2 {[%cal Bc1b2,Bb2c3,Bc3a5][%mdl 32]} a6 {LiveBook: 7 Games} 14. Rc1 {[%mdl 1024] White has compensation.} Be7 15. Nd2 $146 ({Predecessor:} 15. Qc2 Nd5 16. e4 Ndb4 17. Qd2 O-O 18. Bh3 {1-0 (37) Kolosowski,M (2469)-Norri,J (2353) Finland 2015}) 15... O-O 16. Nf3 Qc8 17. Ne1 Nb4 18. Bc3 Rd8 19. Nd3 Nfd5 {The position is equal.} 20. Bxd5 Nxd3 21. Qxd3 exd5 22. Ba5 Rb7 23. Rc6 Rd6 24. Rac1 {[%cal Rc6c7]} Rxc6 25. Rxc6 Qd7 26. Rxa6 {[#] aiming for Ra8+.} g6 27. Ra8+ Kg7 28. e4 c6 29. exd5 (29. Bc3 {feels hotter.} Rc7 30. e5 Ra7 31. Rxa7 Qxa7 32. Bd2) 29... cxd5 30. Bd2 Ra7 31. Rxa7 Qxa7 32. Qxb5 Qxd4 33. Qe2 h5 {Precision: White = 55%, Black = 59%.} 1/2-1/2

[Event "84th Annual Southwest Open"]
[Site "Irving"]
[Date "2018.09.01"]
[Round "3"]
[White "Reshef, Omer"]
[Black "Hilby, Craig"]
[Result "1/2-1/2"]
[WhiteElo "2497"]
[BlackElo "2420"]
[Annotator "TA"]
[PlyCount "97"]
[EventDate "2018.08.31"]
[EventType "swiss"]
[EventCountry "USA"]
[SourceTitle "playchess.com"]
[Source "ChessBase"]
[SourceQuality "1"]

{[%evp 28,97,-14,-23,0,-6,-13,-20,-22,-20,-13,-35,0,-18,0,0,8,11,21,18,18,0,0,0,0,0,0,0,0,0,0,0,0,0,0,0,0,0,0,0,0,0,0,0,0,4,6,7,7,0,0,0,0,0,0,0,0,0,0,0,0,0,0,0,0,0,0,0,0,0,0,-12840]} 1. e4 e5 2. Nf3 Nc6 3. Bb5 a6 4. Bxc6 dxc6 5. O-O Bg4 6. h3 h5 7. d3 Qf6 8. Be3 Bxf3 9. Qxf3 Qxf3 10. gxf3 Bd6 11. Nd2 Ne7 12. Rfb1 {C68: Ruy Lopez: Exchange Variation, sidelines} c5 (12... Ng6 13. Kf1 c5 14. Nc4 Be7 15. a3 a5 16. b4 axb4 17. axb4 Rxa1 18. Rxa1 cxb4 19. Ra8+ Bd8 20. Na5 b6 {½-½ (40) Solak,D (2641)-Ding,L (2783) Khanty-Mansiysk 2017}) 13. Nc4 Nc6 14. c3 a5 15. a4 {LiveBook: 5 Games} f5 16. exf5 O-O 17. Kf1 Rxf5 18. Ke2 Raf8 19. Nd2 {[#]} b6 $146 ({Predecessor:} 19... Nd8) 20. Rg1 {The position is equal.} Kh7 21. Rg2 Be7 22. Rag1 R8f7 23. Ne4 Nd8 $1 24. Rg6 Rxf3 25. Rxg7+ Rxg7 26. Rxg7+ Kxg7 27. Kxf3 $11 {[%mdl 4096] Endgame KBN-KBN} Kg6 $1 28. Ng3 h4 29. Nf1 Kf5 $1 30. Bd2 Bg5 31. Ne3+ Kg6 32. Kg4 Nf7 {[#] ( -> ...e4!)} 33. Nc4 Nh6+ 34. Kf3 Bxd2 35. Nxd2 {KN-KN} Kf5 $1 36. Nc4 Nf7 37. Ne3+ Kg5 $1 38. Nd5 Kf5 39. Nxc7 Ng5+ 40. Kg2 e4 41. d4 cxd4 42. cxd4 Nf3 $1 43. Nd5 Ne1+ 44. Kf1 Nd3 45. Nxb6 {[#] Hoping for Nc4.} Nxb2 46. d5 {Threatens to win with d6.} Ke5 {next ...Kd6 is good for Black.} 47. Ke2 Kd6 {White must now prevent ...Kc7.} 48. Ke3 {aiming for Kd4.} Kc5 (48... Kc7 $5 49. Na8+ $8 Kb7 $15) 49. Kxe4 $2 {[%mdl 40960] Precision: White = 57%, Black = 80%. . An unexpected result.} (49. Nd7+ $11 Kxd5 50. Nf6+ Kc4 51. Nxe4) 1/2-1/2

[Event "84th Annual Southwest Open"]
[Site "Irving"]
[Date "2018.09.01"]
[Round "3"]
[White "Drozdowski, Kacper"]
[Black "Vorontsov, Pavlo"]
[Result "1/2-1/2"]
[WhiteElo "2489"]
[BlackElo "2578"]
[Annotator "TA"]
[PlyCount "79"]
[EventDate "2018.08.31"]
[EventType "swiss"]
[EventCountry "USA"]
[SourceTitle "playchess.com"]
[Source "ChessBase"]
[SourceQuality "1"]

{[%evp 22,79,15,12,12,20,13,7,7,7,9,13,0,6,7,12,22,18,7,0,7,7,8,7,8,8,12,10,14,16,16,16,27,27,28,24,25,0,2,0,0,0,0,0,0,0,0,0,0,0,0,0,0,0,16,0,0,0,0,0]} 1. Nf3 Nf6 2. c4 b6 3. g3 Bb7 4. Bg2 g6 5. O-O Bg7 6. d4 O-O 7. Nc3 Ne4 8. Nxe4 Bxe4 9. Bf4 {A50: Queen's Fianchetto Defence (1 d4 Nf6 2 c4 b6)} c5 10. Be5 Bxe5 11. Nxe5 Bxg2 12. Kxg2 {LiveBook: 4 Games} cxd4 $146 ({Predecessor:} 12... d6 13. Nf3 cxd4 14. Qxd4 Nd7 15. Rad1 Rc8 16. b3 Rc5 {1-0 (49) Gunina,V (2530)-Edouard,R (2659) Cap d'Agde 2014}) 13. Qxd4 {[#] Threatens to win with Ng4.} Nc6 14. Qe4 Nxe5 15. Qxe5 Rc8 16. b3 Rc5 17. Qd4 Qc7 18. Rfd1 d6 19. Qe4 Rc8 20. Rd5 Rxd5 21. Qxd5 $11 {[%mdl 4096] Endgame KQR-KQR} Qd7 22. Rd1 Rc5 23. Qe4 Ra5 24. Rd2 Qe6 (24... f6 {is more complex.} 25. a4 Re5 26. Qf3 Kf7 27. Rd4 Qe6) 25. Qxe6 fxe6 {KR-KR} 26. Kf3 Ra3 27. Ke4 Kf7 28. Kd4 h6 29. e4 Ra5 {The position is equal.} 30. f4 e5+ 31. fxe5 Rxe5 32. Rf2+ Ke8 33. b4 Rh5 34. a3 Rg5 35. Ke3 Rh5 36. Rd2 Kd7 37. Kf4 e6 38. h4 Ke7 39. Kf3 Kd7 40. Kf4 {Precision: White = 70%, Black = 83%.} 1/2-1/2

[Event "84th Annual Southwest Open"]
[Site "Irving"]
[Date "2018.09.01"]
[Round "3"]
[White "Patel, Advait"]
[Black "Kovalyov, Anton"]
[Result "1/2-1/2"]
[WhiteElo "2475"]
[BlackElo "2644"]
[Annotator "TA"]
[PlyCount "40"]
[EventDate "2018.08.31"]
[EventType "swiss"]
[EventCountry "USA"]
[SourceTitle "playchess.com"]
[Source "ChessBase"]
[SourceQuality "1"]

{[%evp 24,40,10,4,9,9,3,0,7,0,6,0,0,0,0,0,0,0,24]} 1. e4 c5 2. Nf3 d6 3. d4 cxd4 4. Nxd4 Nf6 5. Nc3 a6 6. Be2 e5 7. Nf3 Be7 8. Bg5 Be6 {B92: Sicilian Najdorf: 6 Be2} 9. Bxf6 Bxf6 10. O-O Be7 11. Nd5 Nd7 12. Bc4 Rc8 13. Qe2 {LiveBook: 4 Games. The position is equal.} Nb6 14. Nxb6 Qxb6 15. Bb3 O-O {[#]} 16. Rad1 $146 ({Predecessor:} 16. Rfd1) 16... a5 {[%cal Ba6a5,Ba5a4][%mdl 32]} 17. Rd3 {[#]} a4 $1 {[%mdl 512]} 18. Bxe6 (18. Bxa4 Bc4) 18... fxe6 19. c3 Qb5 20. a3 Rc6 1/2-1/2

[Event "84th Annual Southwest Open"]
[Site "Irving"]
[Date "2018.09.01"]
[Round "3"]
[White "Nakar, Eylon"]
[Black "Wang, Jason"]
[Result "1/2-1/2"]
[WhiteElo "2461"]
[BlackElo "2184"]
[Annotator "TA"]
[PlyCount "73"]
[EventDate "2018.08.31"]
[EventType "swiss"]
[EventCountry "USA"]
[SourceTitle "playchess.com"]
[Source "ChessBase"]
[SourceQuality "1"]

{[%evp 18,73,4,-14,-12,-16,-4,-64,-66,-73,-61,-79,-35,-50,-47,-36,-53,-51,-50,-48,-48,-64,-28,-102,-86,-69,-74,-83,0,-14,0,0,0,-10,-14,-14,0,0,0,0,0,0,0,0,0,0,0,0,0,0,0,0,0,0,0,0,0,0]} 1. e4 c5 2. Nf3 e6 3. d4 cxd4 4. Nxd4 a6 5. c4 Nf6 6. Nc3 Bb4 7. Qd3 {B41: Sicilian: Kan Variation: 5 c4} O-O (7... Qc7 8. Nc2 Bc5 9. Be2 O-O 10. O-O Nc6 11. Kh1 d6 12. f4 Bd7 13. a3 Rad8 14. b4 Ba7 {½-½ (115) Karjakin,S (2782)-Caruana,F (2816) Paris 2018}) 8. Be2 d6 9. O-O Nbd7 10. f3 {LiveBook: 4 Games} Ne5 11. Qd1 Qc7 12. Qb3 (12. Bg5 $11) 12... Bc5 $15 13. Be3 {[#]} Nc6 $1 {[%cal Rc6d4]} 14. Qd1 $1 d5 $146 ({Predecessor:} 14... Qb6) 15. Kh1 {Hoping for Nxe6!} dxe4 16. Nxe6 $1 Bxe6 17. Bxc5 Rfd8 18. Qb3 {[#] Threatens to win with Bb6.} b5 $1 {[%mdl 512] And now ...Ne5 would win.} 19. fxe4 (19. cxb5 Bxb3) 19... Ne5 20. Qa3 (20. Bg1 $11 {remains equal.}) 20... Nxc4 21. Bxc4 Bxc4 22. Rfd1 Ng4 (22... Qc6 $17) 23. Bg1 $1 $11 {The position is equal.} Ne5 24. Nd5 Qb7 {[%cal Rc4d5]} 25. Qc5 {Strongly threatening Ne7+.} Nd3 26. Qb6 Bxd5 27. Rxd3 Rdb8 28. exd5 Qxb6 29. Bxb6 Rxb6 {[%mdl 4096] Endgame KRR-KRR} 30. Rc1 Rd8 31. Kg1 Rbd6 32. Rc5 Kf8 33. Kf2 Re8 34. Re3 Red8 35. Rd3 Re8 36. Re3 Red8 37. Rd3 {Precision: White = 58%, Black = 62%.} 1/2-1/2

[Event "84th Annual Southwest Open"]
[Site "Irving"]
[Date "2018.09.01"]
[Round "3"]
[White "Javakhadze, Zurab"]
[Black "Preotu, Razvan"]
[Result "1/2-1/2"]
[WhiteElo "2438"]
[BlackElo "2513"]
[Annotator "TA"]
[PlyCount "43"]
[EventDate "2018.08.31"]
[EventType "swiss"]
[EventCountry "USA"]
[SourceTitle "playchess.com"]
[Source "ChessBase"]
[SourceQuality "1"]

{[%evp 14,43,49,39,15,11,11,0,6,0,9,20,50,52,60,27,49,27,20,18,18,23,31,17,16,3,28,2,29,26,35,6]} 1. d4 Nf6 2. c4 e6 3. Nf3 b6 4. a3 Ba6 5. Qc2 Bb7 6. Nc3 c5 7. dxc5 Bxc5 8. Bg5 {LiveBook: 40 Partien} Nc6 {E12: Damenindisch (Petrosjan-System und 4. oder 5.Lg5)} (8... Be7 9. Rd1 h6 10. Bh4 d6 11. Bg3 a6 12. e4 Nh5 13. Bxd6 Bxd6 14. e5 Bxf3 15. gxf3 Qg5 16. exd6 {½-½ (53) Thorgeirsson,S (2278)-Gretarsson,H (2547) Reykjavik 2017}) 9. e3 Rc8 10. Be2 Be7 {Die Stellung ist ausgeglichen.} 11. O-O Na5 $146 ({Vorgänger:} 11... O-O 12. Rfd1 a6 13. b4 d6 14. Rac1 Qc7 15. Qb2 Nb8 16. Nd4 {0-1 (42) Carvalho,L (1841)-Amorim,G (1954) Teresina 2016}) 12. Nd2 d5 13. Rfd1 Qc7 {[%cal Rd5c4]} 14. Nb5 (14. Bxf6 $5 Bxf6 15. cxd5 Bxd5 16. Ba6 $14) 14... Qb8 $1 15. Qa4 {[#] Und Sxa7+ würde nun gewinnen.} O-O 16. cxd5 Nxd5 17. Bxe7 Nxe7 18. Nf3 Nd5 19. Rac1 a6 20. Nbd4 Rxc1 21. Rxc1 {Droht stark b4.} Rc8 $1 {[%cal Rc8c1]} 22. Qd1 {Precision: Weiß = 50%, Schwarz = 51%.} 1/2-1/2

[Event "84th Annual Southwest Open"]
[Site "Irving"]
[Date "2018.09.01"]
[Round "3"]
[White "Ostrovskiy, Aleksandr"]
[Black "Matsenko, Sergei"]
[Result "1/2-1/2"]
[WhiteElo "2425"]
[BlackElo "2533"]
[Annotator "TA"]
[PlyCount "62"]
[EventDate "2018.08.31"]
[EventType "swiss"]
[EventCountry "USA"]
[SourceTitle "playchess.com"]
[Source "ChessBase"]
[SourceQuality "1"]

{[%evp 22,62,14,2,15,3,0,0,0,0,0,-63,-54,-47,-41,-79,-37,-102,-81,-115,-115,-129,-103,-115,-100,-85,-35,-191,-142,-386,-257,-422,-431,-382,-35,-35,-35,-74,-74,-77,-64,-81,107]} 1. e4 c5 2. Nf3 Nc6 3. Bb5 g6 4. Bxc6 bxc6 5. O-O Bg7 6. Re1 Nh6 7. c3 O-O 8. d4 cxd4 9. cxd4 d5 10. e5 {B31: Sicilian: 2...Nc6 3 Bb5 g6} f6 11. exf6 (11. Qc2 Bg4 12. Nbd2 Qb6 13. h3 fxe5 14. hxg4 Nxg4 15. Nc4 dxc4 16. Qxc4+ Kh8 17. Qe6 Rf5 {½-½ (64) Vidit,S (2707)-Gelfand,B (2695) Poikovsky 2018}) 11... exf6 12. h3 {LiveBook: 16 Games. The position is equal.} Nf5 13. b3 Re8 14. Rxe8+ Qxe8 15. Nc3 $146 ({Predecessor:} 15. Ba3 h5 16. Nc3 g5 17. Qd3 g4 {1-0 (54) Persson,M (2292)-Kristensen,K (2331) Antalya 2017}) 15... Bf8 16. Bf4 (16. Qd3 $11) 16... g5 $15 17. Bh2 h5 18. Qd3 Qg6 19. Nd2 (19. Na4 $15) 19... a5 20. Nf1 Ba6 $36 {[%mdl 2048] Black is on the roll.} 21. Qd2 Re8 22. Ne3 Kf7 23. Re1 Bc8 (23... Nxe3 {with more complications.} 24. Rxe3 Rxe3 25. Qxe3 Bb4 26. Bc7 Qd3) 24. a3 $2 {[#]} (24. Nxf5 $15 Rxe1+ 25. Qxe1 Qxf5 26. Qd1) 24... Bxa3 25. Ncxd5 $2 (25. Nxf5 $17 {is a better defense.} Rxe1+ 26. Qxe1 Qxf5 27. Qa1) 25... Nxe3 26. fxe3 $2 (26. Nxe3 Bb4 27. Qd1) 26... cxd5 $19 27. Qxa5 Qd3 $2 {[#]} (27... Be7 $19 28. Qxd5+ Be6) 28. Qxa3 $15 Rxe3 29. Qc1 Rxe1+ 30. Qxe1 Qxd4+ 31. Kh1 Bg4 $2 {Precision: White = 25%, Black = 48%.} (31... Qd3 $17 {stays on course.} 32. Bd6 Qe4 33. Qxe4 dxe4) 1/2-1/2